| 000 | 00744nam 22002053 4500 | ||
|---|---|---|---|
| 001 | 201954 | ||
| 090 | _a201954 | ||
| 100 | _a20260424d u||y0pory50 ba | ||
| 200 |
_aCantigas d'el-Rei D. Dinis _fprefácio, compilação e notas de Álvaro Júlio da Costa Pimpão |
||
| 210 |
_aLisboa _cLivraria A. M. Teixeira _d1942 |
||
| 215 |
_a93, [2] p. _cbrochado _d19 cm |
||
| 225 | _aClássicos portugueses. Séculos XIII a XV. Poesia | ||
| 300 | _aContém nota do Prof. Dr. Almeida Faria | ||
| 606 |
_923 _aLiteratura Portuguesa _xPoesia |
||
| 675 |
_a821.134.3-1 _vPT _zpor |
||
| 700 |
_917188 _aDinis _bRei de Portugal _f1261-1325 |
||
| 702 |
_912476 _aPimpão _bÁlvaro J. da Costa |
||
| 801 |
_aPT _bBMMN _gRPC |
||
| 830 |
_cAna Falardo _fAna Falardo |
||
| 990 | _cLIVROS | ||